| 000 | 00811nam a2200229 u 4500 | ||
|---|---|---|---|
| 005 | 20210223133308.0 | ||
| 008 | 170529s2005 cl r 000 0 spa d | ||
| 020 | _a9586825485 | ||
| 035 | _aUPN01000218233 | ||
| 049 | _aCG | ||
| 050 | 4 |
_aHC59.72 D4 _bC6.2 |
|
| 100 | 1 |
_aCollier, Paul _940733 |
|
| 245 | 1 | 3 |
_aEl desafío global de los conflictos locales / _cPaul Collier ; colab. Christopher R. Conte ; tr. Victoria Mejía Duque. |
| 260 |
_aBogotá : _bBanco Mundial, _c2005. |
||
| 300 |
_a64 p. : _bil., gráfs. |
||
| 440 | 0 |
_aDesarrollo para todos ; _v4 |
|
| 650 | 4 |
_aGUERRA CIVIL - _xASPECTOS ECONOMICOS - _zPAISES EN DESARROLLO _926064 |
|
| 650 | 4 |
_aGUERRA CIVIL - _xASPECTOS SOCIALES - _zPAISES EN DESARROLLO _926065 |
|
| 700 | 1 |
_aConte, Christopher R., _ecolab. |
|
| 905 | _aLibro | ||
| 999 |
_c190333 _d190333 |
||